000 00554cab a2200193 4500
001 X2058
008 090401t1995 xxu||||| |||| 00| 0 eng d
035 _a(Sirsi) u21529
041 _aeng
245 _aRICS Benevolent fund : annual general meeting
260 _c1995
350 _a0
490 _aCSM (Chartered Surveyor Monthly)
_v4(5) March 1995, 8(1)
650 _aAGM
650 _aABOUT RICS-RELATED ORGANISATIONA-RICS BENEVOLENT FUND
690 _aMANAGEMENT-BUSINESS MANAGEMENT-PROFESSIONAL PRACTICE
942 _n0
948 _c04/03/1997
999 _c14451
_d14451